000 00532nam a2200217 a 4500
001 0001-2112
003 ELIB.Books
008 190723 2010 eng
020 _a089107287X
092 _a251
_bLew
100 _aLew, Ralph L.
245 _aInductive Preaching
260 _aWheaton
_bCrossway Books
_c1983
300 _a223
_c21.5cm
650 _aPreaching
856 _nKBTS Library
_uKBTS Elib
942 _2ddc
_cBK
990 _a1
998 _aEnglishbooks.elf
_ccat
_e2019-07-23
999 _c12112
_d12112